Actor's With "N" in Their Name by Picture - Statistics

General Stats
  • This quiz has been taken 187 times
  • The average score is 11 of 15
Answer Stats
Picture Answer % Correct
Donald Trump
92%
George Clooney
92%
Keanu Reeves
89%
Ryan Reynolds
87%
Angelina Jolie
85%
Robert Downey Jr.
85%
Ben Affleck
78%
Ryan Gosling
78%
Zendaya
77%
Nicholas Cage
73%
Gene Wilder
64%
Anna Kendrick
60%
Queen Latifah
55%
Julie Andrews
47%
Dean Cain
19%
No matching quizzes found
Score Distribution
Percent of People with Each Score
Percentile by Number Answered
Your Score History
You have not taken this quiz